Independence – Within 10 Years - Statistics

General Stats
  • This quiz has been taken 50 times
  • The average score is 8 of 20
Answer Stats
Independent From Country Year % Correct
Great Britain United States 1776
96%
Sudan South Sudan 2011
87%
Indonesia East Timor 2002
72%
France / Japan Vietnam 1945
65%
United States Philippines 1946
65%
Belgium D. R. Congo 1960
61%
United Kingdom Ireland 1919
54%
Spain Mexico 1810
52%
France Haiti 1804
46%
Malaysia Singapore 1965
37%
United Kingdom Fiji 1970
30%
Pakistan Bangladesh 1971
26%
United Kingdom Bahamas 1973
22%
Italy Vatican City 1929
20%
Portugal Brazil 1822
17%
France Madagascar 1960
17%
United Kingdom Australia 1901
15%
Ottoman Empire Greece 1821
13%
Kalmar Union Sweden 1523
2%
Spain Portugal 1640
2%
No matching quizzes found
Score Distribution
Percent of People with Each Score
Percentile by Number Answered
Your Score History
You have not taken this quiz